La fotografía / (Record no. 182177)

MARC details
000 -LEADER
campo de control de longitud fija 00726nam a2200229 i 4500
001 - NÚMERO DE CONTROL
campo de control 182177
003 - IDENTIFICADOR DE NÚMERO DE CONTROL
campo de control ES-MaACL
005 - FECHA Y HORA DE LA ÚLTIMA TRANSACCIÓN
campo de control 20231022192431.0
008 - DATOS DE LONGITUD FIJA--INFORMACIÓN GENERAL
campo de control de longitud fija 130621s2012 sp | |||||||| | spa d
020 ## - NÚMERO INTERNACIONAL ESTÁNDAR DEL LIBRO
Número Internacional Estándar del Libro 978-84-939308-4-4
080 ## - NÚMERO DE LA CLASIFICACIÓN DECIMAL UNIVERSAL
Número de la Clasificación Decimal Universal 821.111-31"19"
100 1# - ENTRADA PRINCIPAL--NOMBRE DE PERSONA
Nombre de persona Lively, Penelope (
Fechas asociadas al nombre 1933-)
9 (RLIN) 152973
245 13 - MENCIÓN DEL TÍTULO
Título La fotografía /
Mención de responsabilidad, etc. Penelope Lively ; traducción de Pepa Linares.
250 ## - MENCION DE EDICION
Mención de edición 1ª ed.
260 ## - PUBLICACIÓN, DISTRIBUCIÓN, ETC.
Lugar de publicación, distribución, etc. Zaragoza :
Nombre del editor, distribuidor, etc. Contraseña,
Fecha de publicación, distribución, etc. 2012.
300 ## - DESCRIPCIÓN FÍSICA
Extensión 266 p. ;
Dimensiones 21 cm.
700 1# - ENTRADA AGREGADA--NOMBRE PERSONAL
Nombre de persona Linares, Pepa.
9 (RLIN) 72344
852 ## - LOCALIZACIÓN
Ubicación ES-MaACL
Número de control de estantería A-12756
itemnumber 189088
Sublocalización o colección R.148893
Ubicación en estantería Depósito 1
Signatura antigua Olim: N-5756
Encuadernación Donación: Pepa Linares
903 ## - NOMBRE PERSONAL DE DONANTE
9 72344
a Linares, Pepa
e Donante
942 ## - ELEMENTOS DE ENTRADA SECUNDARIOS (KOHA)
Fuente del sistema de clasificación o colocación Clasificación decimal universal
Tipo de ítem Koha Libro impreso
Holdings
Estatus retirado Estado de pérdida Fuente del sistema de clasificación o colocación Estado de daño No para préstamo Biblioteca de origen Biblioteca actual Ubicación en estantería Fecha de adquisición Fuente de adquisición Total de préstamos Signatura topográfica completa Código de barras Visto por última vez Precio de reemplazo Tipo de ítem Koha
    Clasificación decimal universal     Biblioteca del Ateneo de Madrid Biblioteca del Ateneo de Madrid Depósito 1 21/06/2013 Donación   A-12756 1191447 23/02/2023 23/02/2023 Libro impreso